[Event "Madrdid ch 2015 - Semifinal B"]
[Site "Madrid ESP"]
[Date "2015.03.05"]
[Round "1.1"]
[White "Rodrigo Yanguas, Maria"]
[Black "Marcos Herrero, Francisco"]
[Result "1-0"]
[WhiteElo "2184"]
[BlackElo "1921"]
[PlyCount "69"]
[EventDate "2015.03.05"]
[EventType "swiss"]
[EventRounds "9"]
[EventCountry "ESP"]
[Source "lmi"]
[SourceDate "2015.03.05"]

1. e4 c5 2. Nf3 d6 3. d4 Nf6 4. Nc3 cxd4 5. Nxd4 g6 6. Be2 Bg7 7. O-O O-O 8.
Bg5 Nc6 9. Nb3 Be6 10. Kh1 Rc8 11. f4 a6 12. Qe1 h6 13. Bh4 Na5 14. Rd1 Nxb3
15. axb3 Qa5 16. f5 Bd7 17. fxg6 fxg6 18. Bc4+ Kh7 19. e5 Ng8 20. exd6 exd6 21.
Rxd6 Bc6 22. Bd3 Rxf1+ 23. Qxf1 Rf8 24. Bxg6+ Kh8 25. Qd1 Nf6 26. h3 Nd7 27.
Rxc6 bxc6 28. Be7 Bxc3 29. bxc3 Qxc3 30. Bxf8 Nxf8 31. Bd3 Qd4 32. Qf3 Qa1+ 33.
Kh2 Qe5+ 34. Qg3 Qc5 35. Bc4 1-0

[Event "Madrdid ch 2015 - Semifinal B"]
[Site "Madrid ESP"]
[Date "2015.03.05"]
[Round "1.2"]
[White "Herranz Sanchez, Pablo"]
[Black "Hinojar Diez, David"]
[Result "0-1"]
[WhiteElo "1899"]
[BlackElo "2164"]
[PlyCount "96"]
[EventDate "2015.03.05"]
[EventType "swiss"]
[EventRounds "9"]
[EventCountry "ESP"]
[Source "lmi"]
[SourceDate "2015.03.05"]

1. e4 c5 2. Nf3 d6 3. d4 cxd4 4. Nxd4 Nf6 5. Nc3 a6 6. a4 b6 7. Bg5 e6 8. Be2
Be7 9. f4 Bb7 10. Bf3 Qc7 11. O-O Nbd7 12. Nb3 O-O 13. e5 dxe5 14. Bxb7 Qxb7
15. fxe5 Nxe5 16. Bxf6 Bxf6 17. Rxf6 gxf6 18. Qe1 Kh8 19. Ne4 Rg8 20. Nbd2 Rad8
21. Ng3 Qd5 22. Nde4 Ng4 23. h3 f5 24. hxg4 fxe4 25. Qxe4 Qxe4 26. Nxe4 Rxg4
27. Nf2 Rc4 28. c3 Rd2 29. b3 Rf4 30. Nh3 Re4 31. Rf1 f5 32. Rf3 Rg4 33. Nf2
Rg6 34. Kf1 Kg7 35. g3 Rh6 36. Kg2 Kf6 37. Kg1 Ke7 38. Re3 Kd6 39. Rf3 Rg6 40.
Kf1 a5 41. Re3 Rb2 42. c4 Rb1+ 43. Ke2 e5 44. Rd3+ Kc6 45. Nd1 Rh6 46. Ke3 Rh3
47. Kd2 Rh1 48. Kc2 Rhxd1 0-1

[Event "Madrdid ch 2015 - Semifinal B"]
[Site "Madrid ESP"]
[Date "2015.03.05"]
[Round "1.3"]
[White "Perez De Aranda A., Leonardo I"]
[Black "Ruiz Sanchez, Roberto"]
[Result "1/2-1/2"]
[WhiteElo "2094"]
[BlackElo "1897"]
[PlyCount "111"]
[EventDate "2015.03.05"]
[EventType "swiss"]
[EventRounds "9"]
[EventCountry "ESP"]
[Source "lmi"]
[SourceDate "2015.03.05"]

1. e4 c6 2. d4 d5 3. f3 e6 4. Nc3 Bb4 5. Bf4 Ne7 6. Qd3 c5 7. dxc5 Nd7 8. O-O-O
e5 9. Bxe5 Nxe5 10. Qb5+ N7c6 11. exd5 Bxc3 12. f4 O-O 13. dxc6 bxc6 14. Rxd8
cxb5 15. Rxf8+ Kxf8 16. bxc3 Ng4 17. Nh3 a6 18. Be2 Ne3 19. Bf3 Ra7 20. Re1 Re7
21. Nf2 h5 22. Nd3 Bf5 23. c6 Nc4 24. Rxe7 Kxe7 25. Bxh5 Be4 26. c7 Nb6 27. Nc5
Bxg2 28. Bg4 Kd6 29. Nxa6 Bb7 30. Nb4 Kxc7 31. Be2 Bc6 32. Nxc6 Kxc6 33. Kb2
Kc5 34. Kb3 g6 35. Bf3 Nc4 36. Be2 Ne3 37. Bd3 f5 38. h4 Ng2 39. h5 gxh5 40.
Bxf5 Nxf4 41. c4 bxc4+ 42. Kc3 h4 43. a4 Nd5+ 44. Kd2 Kb4 45. Be4 Nb6 46. Ke3
Nxa4 47. Kf4 Nc5 48. Bh7 Ne6+ 49. Kg4 c3 50. Kxh4 Ka3 51. Kg4 Kb2 52. Kf3 Nd4+
53. Ke3 Nxc2+ 54. Kd3 Nb4+ 55. Kc4 Na2 56. Bg6 1/2-1/2

[Event "Madrdid ch 2015 - Semifinal B"]
[Site "Madrid ESP"]
[Date "2015.03.05"]
[Round "1.4"]
[White "Fernandez Garcia, Ignacio"]
[Black "Martin Rodriguez, Emilio"]
[Result "0-1"]
[WhiteElo "1873"]
[BlackElo "2091"]
[PlyCount "130"]
[EventDate "2015.03.05"]
[EventType "swiss"]
[EventRounds "9"]
[EventCountry "ESP"]
[Source "lmi"]
[SourceDate "2015.03.05"]

1. e4 c6 2. d4 d5 3. Nc3 dxe4 4. Nxe4 Nf6 5. Ng3 e6 6. Nf3 Bd6 7. Bd3 Nbd7 8.
c3 Qc7 9. Ng5 Bf4 10. Qf3 Bxc1 11. Rxc1 Qa5 12. N5e4 O-O 13. Ra1 Rd8 14. O-O
Nxe4 15. Nxe4 Qd5 16. Rfe1 c5 17. Qg3 cxd4 18. cxd4 Qxd4 19. Red1 Nf8 20. Bc2
Qb6 21. Qh4 Rxd1+ 22. Rxd1 Qxb2 23. Bb1 Bd7 24. Ng5 h6 25. Nf3 Rc8 26. Qf4 Rc5
27. h3 Bc6 28. Ne1 Qe5 29. Qh4 Qe2 30. Qg4 Qxg4 31. hxg4 Bd5 32. Nd3 Ra5 33.
Nb4 g6 34. Rc1 b6 35. f3 Rc5 36. Rd1 a5 37. Nd3 Rc3 38. Kf2 Ra3 39. Rd2 Nd7 40.
Nf4 Nf6 41. Rb2 g5 42. Nd3 Nd7 43. Ne1 Rc3 44. Ke2 Kf8 45. Kd2 Rc7 46. Nd3 Ke7
47. Bc2 Kd6 48. Ba4 Bc6 49. Bc2 b5 50. Nf2 Ne5 51. Bd3 b4 52. a3 Rb7 53. axb4
axb4 54. Ke3 b3 55. Kd2 Bd5 56. Kd1 Kc5 57. Kc1 Kb4 58. Kd2 Ka3 59. Nd1 Rd7 60.
Bb5 Bc6+ 61. Kc3 Bxb5 62. Rxb3+ Ka4 63. Nb2+ Ka5 64. Ra3+ Kb6 65. Ra8 Bf1 0-1

[Event "Madrdid ch 2015 - Semifinal B"]
[Site "Madrid ESP"]
[Date "2015.03.05"]
[Round "1.5"]
[White "Veganzones Rojo, David"]
[Black "Morona Minguez, Miguel"]
[Result "1-0"]
[WhiteElo "2070"]
[BlackElo "1818"]
[PlyCount "111"]
[EventDate "2015.03.05"]
[EventType "swiss"]
[EventRounds "9"]
[EventCountry "ESP"]
[Source "lmi"]
[SourceDate "2015.03.05"]

1. d4 Nf6 2. c4 c5 3. d5 b5 4. cxb5 a6 5. bxa6 g6 6. Nc3 Bxa6 7. Nf3 d6 8. g3
Bg7 9. Bg2 Nbd7 10. Rb1 Qa5 11. Bd2 O-O 12. O-O Ng4 13. Qc1 Nge5 14. Nxe5 Nxe5
15. b3 Rfb8 16. a4 Qb6 17. h3 Rc8 18. Kh2 Rab8 19. f4 Nd7 20. Re1 Qa5 21. Na2
Qc7 22. Bc3 Nf6 23. Qd2 Qd7 24. e4 c4 25. e5 dxe5 26. fxe5 Ne8 27. Nb4 Nc7 28.
Bf1 Ra8 29. Nxa6 Nxa6 30. Bxc4 Nc5 31. Bb5 Qf5 32. Bc6 Rab8 33. b4 Bh6 34. Qd4
Nb3 35. Qe4 Qxe4 36. Rxe4 Nc5 37. Ree1 Nxa4 38. Bd4 Bd2 39. Red1 Nc3 40. b5
Nxb1 41. Rxb1 Ba5 42. Ra1 Bb6 43. Bxb6 Rxb6 44. Ra6 Rcb8 45. d6 exd6 46. exd6
Kf8 47. Ra7 h6 48. h4 f5 49. Rh7 Rxb5 50. Bxb5 Rxb5 51. Rh8+ Kg7 52. d7 Rb2+
53. Kh3 Kxh8 54. d8=Q+ Kh7 55. Qe7+ Kg8 56. Qe8+ 1-0

[Event "Madrdid ch 2015 - Semifinal B"]
[Site "Madrid ESP"]
[Date "2015.03.05"]
[Round "1.6"]
[White "Garcia Serrano, Jose M"]
[Black "Vallejo Nuno, Jorge"]
[Result "1-0"]
[WhiteElo "1773"]
[BlackElo "2035"]
[PlyCount "47"]
[EventDate "2015.03.05"]
[EventType "swiss"]
[EventRounds "9"]
[EventCountry "ESP"]
[Source "lmi"]
[SourceDate "2015.03.05"]

1. e4 e5 2. f4 exf4 3. Nf3 d5 4. exd5 Nf6 5. Nc3 Nxd5 6. Be2 Nxc3 7. bxc3 Bd6
8. O-O O-O 9. d4 c5 10. Ne5 Qc7 11. Nc4 f3 12. Bxf3 Bxh2+ 13. Kh1 Bg3 14. Bg4
cxd4 15. Bxc8 Rxc8 16. Qg4 Qxc4 17. Bh6 Be5 18. Rf5 Qe6 19. Re1 Qxh6+ 20. Rh5
Qe6 21. Rhxe5 Qh6+ 22. Rh5 Qc6 23. Re7 Re8 24. Qf5 1-0

[Event "Madrdid ch 2015 - Semifinal B"]
[Site "Madrid ESP"]
[Date "2015.03.05"]
[Round "1.7"]
[White "Vazquez Gonzalez, Jesus"]
[Black "Del Noval Nemeshazi, Nesztor"]
[Result "1/2-1/2"]
[WhiteElo "2014"]
[BlackElo "1770"]
[PlyCount "68"]
[EventDate "2015.03.05"]
[EventType "swiss"]
[EventRounds "9"]
[EventCountry "ESP"]
[Source "lmi"]
[SourceDate "2015.03.05"]

1. e4 c5 2. Nf3 d6 3. d4 cxd4 4. Nxd4 Nf6 5. Nc3 a6 6. Bc4 b5 7. Bb3 Bb7 8. f3
e6 9. O-O Be7 10. Be3 O-O 11. Qe1 b4 12. Nce2 d5 13. e5 Nfd7 14. f4 Nc6 15. Qg3
Bh4 16. Qh3 Nxd4 17. Nxd4 a5 18. a4 Ba6 19. Rf3 Rc8 20. g4 h6 21. Kh1 g5 22.
Bxd5 Nxe5 23. Be4 Nxf3 24. Nxf3 Rc4 25. Bd3 Rc6 26. Be4 Rc4 27. Bd3 Rc6 28. Ne5
Bxd3 29. cxd3 Rc2 30. Rf1 Qd5+ 31. Kg1 gxf4 32. Bxf4 Bg5 33. Bxg5 hxg5 34. Qg3
f6 1/2-1/2

[Event "Madrdid ch 2015 - Semifinal B"]
[Site "Madrid ESP"]
[Date "2015.03.05"]
[Round "1.8"]
[White "Enfedaque Jimenez, Juan Carlos"]
[Black "Gonzalez Mateos, Rafael"]
[Result "0-1"]
[WhiteElo "1758"]
[BlackElo "1999"]
[PlyCount "88"]
[EventDate "2015.03.05"]
[EventType "swiss"]
[EventRounds "9"]
[EventCountry "ESP"]
[Source "lmi"]
[SourceDate "2015.03.05"]

1. e4 e6 2. d4 d5 3. e5 c5 4. c3 Qb6 5. Nf3 Nc6 6. Be2 Nge7 7. Na3 cxd4 8. cxd4
Nf5 9. Nc2 Bb4+ 10. Kf1 Be7 11. g4 Nh4 12. Nxh4 Bxh4 13. Be3 h6 14. b3 Bd7 15.
Kg2 f6 16. Qd3 O-O-O 17. Rhc1 Kb8 18. a4 Qc7 19. b4 fxe5 20. b5 Na5 21. b6 axb6
22. dxe5 Nc4 23. Bd4 Bg5 24. Ne3 Bc6 25. Qb3 Bf4 26. Kg1 Bxe5 27. Bxe5 Qxe5 28.
Bxc4 dxc4 29. Nxc4 Qd5 30. Qg3+ Ka7 31. Kf1 Rhf8 32. a5 b5 33. Qe3+ Qd4 34.
Qxd4+ Rxd4 35. Ne5 Bd5 36. Rc7 Rd2 37. f3 Ka6 38. Ra3 b4 39. Re3 b3 40. Nd3 b2
41. Nc5+ Ka7 42. Re1 Rxf3+ 43. Kg1 Rff2 44. Rb1 Rg2+ 0-1

[Event "Madrdid ch 2015 - Semifinal B"]
[Site "Madrid ESP"]
[Date "2015.03.05"]
[Round "1.9"]
[White "Vukotic Jovsic, Dragan"]
[Black "Fernandez Rodriguez, Fernando"]
[Result "1-0"]
[WhiteElo "1986"]
[BlackElo "1746"]
[PlyCount "121"]
[EventDate "2015.03.05"]
[EventType "swiss"]
[EventRounds "9"]
[EventCountry "ESP"]
[Source "lmi"]
[SourceDate "2015.03.05"]

1. d4 Nf6 2. Nf3 g6 3. Bf4 Bg7 4. e3 d6 5. Be2 Nh5 6. Bg5 h6 7. Bh4 c5 8. c3
Qb6 9. Qb3 Qxb3 10. axb3 g5 11. Nfd2 Nf6 12. Bg3 Nc6 13. Na3 cxd4 14. exd4 Bf5
15. Nb5 O-O 16. Bf3 a6 17. Nc7 Rac8 18. Nd5 Nxd5 19. Bxd5 Bd3 20. Bc4 Bxc4 21.
Nxc4 f5 22. d5 Ne5 23. Bxe5 Bxe5 24. Nxe5 dxe5 25. h4 g4 26. O-O Rc5 27. Rad1
Rd8 28. c4 b5 29. Rfe1 e4 30. f3 bxc4 31. fxe4 cxb3 32. Rd3 Rb5 33. Ree3 f4 34.
Re2 Kg7 35. Rf2 e5 36. Rc3 Rd7 37. Rf1 Rb4 38. Re1 Rd6 39. h5 Kf6 40. g3 f3 41.
Kf2 a5 42. Ke3 a4 43. Rc7 Rd4 44. Rec1 a3 45. bxa3 f2 46. Rh7 b2 47. Rb1 Kg5
48. Rg7+ Kf6 49. Rxg4 Kf7 50. Kxf2 Rb6 51. Rg6 Rb3 52. Kg2 Rd2+ 53. Kh3 Rf2 54.
Rxh6 Rxa3 55. Rb6 Rff3 56. R1xb2 Rxg3+ 57. Kh4 Rge3 58. Rb7+ Ke8 59. Rh7 Rxe4+
60. Kg5 Rg3+ 61. Kh6 1-0

[Event "Madrdid ch 2015 - Semifinal B"]
[Site "Madrid ESP"]
[Date "2015.03.05"]
[Round "1.10"]
[White "De Dompablo Fantova, Juan"]
[Black "Rosa Ramirez, Victor D"]
[Result "1-0"]
[WhiteElo "1722"]
[BlackElo "1978"]
[PlyCount "87"]
[EventDate "2015.03.05"]
[EventType "swiss"]
[EventRounds "9"]
[EventCountry "ESP"]
[Source "lmi"]
[SourceDate "2015.03.05"]

1. e4 e6 2. d4 d5 3. exd5 exd5 4. Bd3 Nc6 5. c3 Bd6 6. Nf3 Bg4 7. O-O Nge7 8.
Na3 a6 9. Nc2 Qd7 10. Ne3 Bh5 11. Re1 O-O-O 12. b4 Na7 13. a4 Ng6 14. Bf5 Nh4
15. Bxd7+ Rxd7 16. Nf1 g5 17. Ng3 Bg4 18. h3 Nxf3+ 19. gxf3 Bxh3 20. Qd3 f6 21.
Nf5 Nc6 22. Nxd6+ Rxd6 23. Kh2 Bd7 24. Ba3 f5 25. Rh1 Rf6 26. b5 Na5 27. bxa6
Rxa6 28. Kg2 Nc4 29. Bb4 h5 30. Be7 f4 31. Kf1 g4 32. Bg5 gxf3 33. Bxf4 Bg4 34.
Be5 Re8 35. Qh7 Rc6 36. Qf7 Rd8 37. Kg1 Nxe5 38. dxe5 Rxc3 39. Kh2 Rc2 40. Kg3
Rc4 41. Rac1 Rd7 42. Qf6 Rd4 43. Rce1 h4+ 44. Rxh4 1-0

[Event "Madrdid ch 2015 - Semifinal B"]
[Site "Madrid ESP"]
[Date "2015.03.05"]
[Round "1.11"]
[White "Lopez Ziegler, Carlos"]
[Black "Yeves Miquel, Enrique"]
[Result "1/2-1/2"]
[WhiteElo "1970"]
[BlackElo "1715"]
[PlyCount "29"]
[EventDate "2015.03.05"]
[EventType "swiss"]
[EventRounds "9"]
[EventCountry "ESP"]
[Source "lmi"]
[SourceDate "2015.03.05"]

1. e4 c5 2. Nc3 e6 3. Nge2 Nc6 4. d4 cxd4 5. Nxd4 Qc7 6. Be2 a6 7. O-O Nf6 8.
Be3 Bb4 9. Na4 Be7 10. Nxc6 bxc6 11. Nb6 Rb8 12. Nxc8 Qxc8 13. e5 Nd5 14. Bd4
c5 15. c4 1/2-1/2

[Event "Madrdid ch 2015 - Semifinal B"]
[Site "Madrid ESP"]
[Date "2015.03.05"]
[Round "1.12"]
[White "Saribekyan, Garnik"]
[Black "Largo Barbero, Benito"]
[Result "1-0"]
[WhiteElo "1678"]
[BlackElo "1961"]
[PlyCount "109"]
[EventDate "2015.03.05"]
[EventType "swiss"]
[EventRounds "9"]
[EventCountry "ESP"]
[Source "lmi"]
[SourceDate "2015.03.05"]

1. c4 Nf6 2. Nc3 g6 3. e4 d6 4. d4 Bg7 5. Nge2 O-O 6. Ng3 a6 7. Be2 Nbd7 8. h4
h5 9. Bg5 Nh7 10. Be3 c5 11. Qd2 cxd4 12. Bxd4 Ne5 13. O-O-O Qa5 14. f4 Bh6 15.
Kb1 Bg4 16. Rhf1 Bxe2 17. Qxe2 Ng4 18. Nd5 e5 19. Bc3 Qc5 20. Bb4 Qa7 21. Bxd6
exf4 22. Bxf8 Nxf8 23. Nh1 Ne6 24. Nf2 Ne3 25. Nd3 Nxf1 26. Rxf1 Qd4 27. N3xf4
Nxf4 28. Nxf4 Re8 29. Nd5 Bg7 30. Nc3 Rc8 31. Nd5 Rxc4 32. Ne7+ Kh7 33. Rxf7
Qxe4+ 34. Qxe4 Rxe4 35. Nd5 Rxh4 36. Rxb7 Rh1+ 37. Kc2 Rf1 38. b4 Rf2+ 39. Kb3
Kh6 40. a4 Rxg2 41. b5 axb5 42. axb5 h4 43. b6 h3 44. Rxg7 h2 45. Rg8 Kg5 46.
Rh8 Rg3+ 47. Kc2 Rg2+ 48. Kd3 Rg3+ 49. Ne3 Rg1 50. Rxh2 Rb1 51. Nc4 Kf4 52. Rb2
Rh1 53. b7 Rh3+ 54. Ke2 Rh2+ 55. Kf1 1-0

[Event "Madrdid ch 2015 - Semifinal B"]
[Site "Madrid ESP"]
[Date "2015.03.05"]
[Round "1.13"]
[White "Martin Hernandez, Vicente"]
[Black "Estevez Sacristan, Deva"]
[Result "1-0"]
[WhiteElo "1935"]
[BlackElo "1648"]
[PlyCount "131"]
[EventDate "2015.03.05"]
[EventType "swiss"]
[EventRounds "9"]
[EventCountry "ESP"]
[Source "lmi"]
[SourceDate "2015.03.05"]

1. d4 d5 2. c4 e6 3. Nc3 b6 4. cxd5 exd5 5. Nf3 Nf6 6. Bg5 Be7 7. e3 O-O 8. Bd3
Bb7 9. O-O Nbd7 10. Rc1 c5 11. b3 Re8 12. Re1 a6 13. a4 Qc7 14. Ne2 Ne4 15. Bf4
Bd6 16. dxc5 bxc5 17. Bxe4 Rxe4 18. Ng5 Ree8 19. Qc2 g6 20. Red1 h6 21. Bxd6
Qxd6 22. Ne4 Qc6 23. Nxc5 Rac8 24. Nxd7 Qxc2 25. Rxc2 Rxc2 26. Nf6+ Kf8 27.
Nxe8 Rxe2 28. Nd6 Bc6 29. Kf1 Rb2 30. Rc1 Bd7 31. Nb7 Bxa4 32. bxa4 Rxb7 33.
Rc6 Rb1+ 34. Ke2 Rb2+ 35. Kf3 a5 36. Rc5 Rb4 37. Rxa5 d4 38. exd4 Rxd4 39. Ra7
Rd3+ 40. Ke4 Rd2 41. Ke3 Rd6 42. a5 Re6+ 43. Kd4 Rf6 44. f3 Rf4+ 45. Kc5 Rf5+
46. Kb6 Rf6+ 47. Kb7 Re6 48. a6 Re7+ 49. Kb6 Re6+ 50. Kc5 Re5+ 51. Kd4 Re8 52.
Rd7 Ra8 53. a7 Ke8 54. Rb7 Rd8+ 55. Kc5 Rc8+ 56. Kb6 Ra8 57. Rb8+ Rxb8+ 58.
axb8=Q+ Ke7 59. Qe5+ Kf8 60. Kc7 g5 61. Kd7 Kg8 62. Ke7 f6 63. Qxf6 g4 64. Qg6+
Kh8 65. Kf7 gxf3 66. Qxh6# 1-0

[Event "Madrdid ch 2015 - Semifinal B"]
[Site "Madrid ESP"]
[Date "2015.03.06"]
[Round "2.1"]
[White "Vukotic Jovsic, Dragan"]
[Black "Rodrigo Yanguas, Maria"]
[Result "0-1"]
[WhiteElo "1986"]
[BlackElo "2184"]
[PlyCount "106"]
[EventDate "2015.03.05"]
[EventType "swiss"]
[EventRounds "9"]
[EventCountry "ESP"]
[Source "lmi"]
[SourceDate "2015.03.05"]

1. d4 e6 2. Bf4 Nf6 3. e3 b6 4. Nf3 Bb7 5. Be2 h6 6. O-O Nh5 7. Be5 d6 8. Bg3
Nxg3 9. hxg3 Be7 10. c4 Nd7 11. Nc3 f5 12. b4 g5 13. Nd2 Nf6 14. Qb3 h5 15. Bf3
Bxf3 16. Nxf3 Ne4 17. d5 Nxc3 18. Qxc3 Bf6 19. Qc2 Bxa1 20. Rxa1 Qf6 21. Nd4
O-O 22. Qd1 e5 23. Ne6 Rf7 24. Qxh5 g4 25. e4 Rc8 26. Rf1 Rh7 27. Qxf5 Qxf5 28.
exf5 Rh5 29. Re1 Rxf5 30. Re4 c6 31. Rxg4+ Kh8 32. Rh4+ Kg8 33. Rg4+ Kh7 34.
Rh4+ Kg6 35. Rg4+ Kh6 36. Rh4+ Rh5 37. f4 cxd5 38. cxd5 Rxh4 39. gxh4 exf4 40.
Nxf4 Rc4 41. g3 Rxb4 42. Kf2 Rb2+ 43. Kf3 Rxa2 44. g4 a5 45. g5+ Kg7 46. h5 Ra1
47. Ne6+ Kh7 48. h6 Kg6 49. Kg4 Rg1+ 50. Kh4 a4 51. Nf4+ Kh7 52. Kh5 Rh1+ 53.
Kg4 a3 0-1

[Event "Madrdid ch 2015 - Semifinal B"]
[Site "Madrid ESP"]
[Date "2015.03.06"]
[Round "2.2"]
[White "Hinojar Diez, David"]
[Black "Martin Hernandez, Vicente"]
[Result "0-1"]
[WhiteElo "2164"]
[BlackElo "1935"]
[PlyCount "90"]
[EventDate "2015.03.05"]
[EventType "swiss"]
[EventRounds "9"]
[EventCountry "ESP"]
[Source "lmi"]
[SourceDate "2015.03.05"]

1. d4 d5 2. c4 e6 3. Nf3 Nf6 4. Bg5 Be7 5. e3 Nbd7 6. Nc3 h6 7. Bh4 O-O 8. Bd3
c6 9. h3 dxc4 10. Bxc4 Nd5 11. Bxe7 Qxe7 12. Qd2 Qb4 13. Bb3 N7f6 14. O-O Nxc3
15. bxc3 Qa5 16. Ne5 Rd8 17. Qc2 c5 18. f4 Nd5 19. Bxd5 Rxd5 20. Rf3 cxd4 21.
cxd4 Bd7 22. f5 Rxe5 23. dxe5 Qxe5 24. fxe6 Qxa1+ 25. Rf1 Qe5 26. exf7+ Kf8 27.
Qh7 Ke7 28. Qg8 Rf8 29. Rd1 Be6 30. Rd8 Rxd8 31. Qxd8+ Kxd8 32. f8=Q+ Kd7 33.
Qa3 Qa1+ 34. Kh2 Qxa2 35. Qc3 g6 36. Qg7+ Bf7 37. Qxh6 Qd5 38. Qg7 Qe6 39. e4
a5 40. g3 Qa2+ 41. Kg1 a4 42. Qd4+ Kc6 43. e5 Qb1+ 44. Kh2 Qc2+ 45. Kg1 Qc5 0-1

[Event "Madrdid ch 2015 - Semifinal B"]
[Site "Madrid ESP"]
[Date "2015.03.06"]
[Round "2.3"]
[White "Martin Rodriguez, Emilio"]
[Black "Garcia Serrano, Jose M"]
[Result "1-0"]
[WhiteElo "2091"]
[BlackElo "1773"]
[PlyCount "45"]
[EventDate "2015.03.05"]
[EventType "swiss"]
[EventRounds "9"]
[EventCountry "ESP"]
[Source "lmi"]
[SourceDate "2015.03.05"]

1. d4 d5 2. c4 Nc6 3. e3 e5 4. dxe5 d4 5. a3 a5 6. Nf3 Bg4 7. Be2 dxe3 8. Qxd8+
Rxd8 9. Bxe3 Bxf3 10. Bxf3 Nxe5 11. Bxb7 Rb8 12. Bd5 Nf6 13. O-O Nxd5 14. cxd5
Rxb2 15. Bd4 Nd3 16. Bxb2 Nxb2 17. Nc3 Nc4 18. Nb5 Kd7 19. Rfc1 c6 20. dxc6+
Kxc6 21. Rxc4+ Kxb5 22. Rc8 Ka6 23. Rd1 1-0

[Event "Madrdid ch 2015 - Semifinal B"]
[Site "Madrid ESP"]
[Date "2015.03.06"]
[Round "2.4"]
[White "De Dompablo Fantova, Juan"]
[Black "Veganzones Rojo, David"]
[Result "0-1"]
[WhiteElo "1722"]
[BlackElo "2070"]
[PlyCount "59"]
[EventDate "2015.03.05"]
[EventType "swiss"]
[EventRounds "9"]
[EventCountry "ESP"]
[Source "lmi"]
[SourceDate "2015.03.05"]

1. e4 c6 2. d4 d5 3. exd5 cxd5 4. Bd3 Nc6 5. c3 Qc7 6. Nf3 Bg4 7. O-O e6 8. Be3
Bd6 9. h3 Bh5 10. Nbd2 Nge7 11. Qc2 Bg6 12. b4 Nxb4 13. Qa4+ Nbc6 14. Bxg6 hxg6
15. Rfe1 O-O 16. Nf1 Na5 17. Rac1 Rfc8 18. Ng5 Nc4 19. Qd1 Nf5 20. Qg4 Ncxe3
21. fxe3 Be7 22. e4 Bxg5 23. Qxg5 dxe4 24. Rxe4 Qd8 25. Qg4 Rc6 26. Nh2 Rac8
27. Qf3 Qd5 28. Qd3 Qxa2 29. Nf3 Qa3 30. Ng5 0-1

[Event "Madrdid ch 2015 - Semifinal B"]
[Site "Madrid ESP"]
[Date "2015.03.06"]
[Round "2.5"]
[White "Gonzalez Mateos, Rafael"]
[Black "Saribekyan, Garnik"]
[Result "1/2-1/2"]
[WhiteElo "1999"]
[BlackElo "1678"]
[PlyCount "80"]
[EventDate "2015.03.05"]
[EventType "swiss"]
[EventRounds "9"]
[EventCountry "ESP"]
[Source "lmi"]
[SourceDate "2015.03.05"]

1. d4 Nf6 2. c3 g6 3. Bf4 Bg7 4. Nd2 d5 5. Ngf3 O-O 6. h4 Nbd7 7. e3 c5 8. Be2
Qb6 9. Qc2 Re8 10. O-O-O Ng4 11. Rdf1 e5 12. dxe5 Ngxe5 13. h5 Nxf3 14. Nxf3
Nf6 15. hxg6 hxg6 16. Bh6 Bf5 17. Bd3 Bxd3 18. Qxd3 Rad8 19. Rh4 Bxh6 20. Rxh6
Kg7 21. Rfh1 Rh8 22. Rxh8 Rxh8 23. Rxh8 Kxh8 24. Ne5 Qe6 25. f4 a6 26. b4 cxb4
27. cxb4 Nd7 28. Nxd7 Qxd7 29. Qd4+ Kg8 30. Kb2 Qe6 31. Kc3 Qc6+ 32. Qc5 Qe6
33. a4 b6 34. Qd4 Qc6+ 35. Kb3 Kf8 36. Qc3 Qxc3+ 37. Kxc3 Ke7 38. Kd4 Kd6 39.
g4 f5 40. g5 Ke6 1/2-1/2

[Event "Madrdid ch 2015 - Semifinal B"]
[Site "Madrid ESP"]
[Date "2015.03.06"]
[Round "2.6"]
[White "Del Noval Nemeshazi, Nesztor"]
[Black "Perez De Aranda A., Leonardo I"]
[Result "1/2-1/2"]
[WhiteElo "1770"]
[BlackElo "2094"]
[PlyCount "93"]
[EventDate "2015.03.05"]
[EventType "swiss"]
[EventRounds "9"]
[EventCountry "ESP"]
[Source "lmi"]
[SourceDate "2015.03.05"]

1. e4 g6 2. d4 Bg7 3. Bc4 d6 4. Nc3 Nf6 5. Nge2 O-O 6. f3 c6 7. Bb3 Nbd7 8. Be3
a6 9. a4 b6 10. g4 e5 11. d5 c5 12. h4 Rb8 13. Bc4 Ne8 14. Ra3 Nc7 15. Rb3 b5
16. axb5 Nb6 17. bxa6 Nxc4 18. Rxb8 Nxe3 19. Qd3 Nxa6 20. Rxc8 Nxc2+ 21. Qxc2
Qxc8 22. Na2 Qb7 23. Qc4 Ra8 24. b3 Nc7 25. Nec3 Rb8 26. Nc1 Na6 27. Rh2 Nb4
28. Rb2 Qe7 29. Rh2 h6 30. Qe2 Bf6 31. Qf2 Qa7 32. Kd1 Qa1 33. Qb2 Qxb2 34.
Rxb2 Bxh4 35. N3a2 Bg5 36. Nxb4 Rxb4 37. Nd3 Rd4 38. Ke2 f5 39. exf5 gxf5 40.
gxf5 Rxd5 41. Nf2 Kg7 42. Ne4 Rd4 43. Ra2 Rb4 44. Ra7+ Kf8 45. Ra8+ Kg7 46.
Ra7+ Kf8 47. Ra8+ 1/2-1/2

[Event "Madrdid ch 2015 - Semifinal B"]
[Site "Madrid ESP"]
[Date "2015.03.06"]
[Round "2.7"]
[White "Yeves Miquel, Enrique"]
[Black "Vazquez Gonzalez, Jesus"]
[Result "0-1"]
[WhiteElo "1715"]
[BlackElo "2014"]
[PlyCount "66"]
[EventDate "2015.03.05"]
[EventType "swiss"]
[EventRounds "9"]
[EventCountry "ESP"]
[Source "lmi"]
[SourceDate "2015.03.05"]

1. d4 c5 2. d5 e5 3. e4 g6 4. Nc3 d6 5. Bb5+ Nd7 6. a4 Bg7 7. Nf3 Ne7 8. O-O
O-O 9. a5 h6 10. Nd2 f5 11. f3 Nf6 12. Be2 f4 13. Nc4 Qd7 14. Bd2 g5 15. Be1 h5
16. Rb1 Ng6 17. b4 cxb4 18. Rxb4 g4 19. Rb1 Rf7 20. Nb5 Bf8 21. Nc3 Rg7 22. Kh1
g3 23. hxg3 fxg3 24. Bxg3 h4 25. Bh2 Nh5 26. Ne3 Ngf4 27. Ng4 Qd8 28. Re1 Qg5
29. Qc1 Ng3+ 30. Kg1 Bxg4 31. fxg4 Rc8 32. Bxg3 hxg3 33. Qa3 Qh4 0-1

[Event "Madrdid ch 2015 - Semifinal B"]
[Site "Madrid ESP"]
[Date "2015.03.06"]
[Round "2.8"]
[White "Ruiz Sanchez, Roberto"]
[Black "Lopez Ziegler, Carlos"]
[Result "1/2-1/2"]
[WhiteElo "1897"]
[BlackElo "1970"]
[PlyCount "35"]
[EventDate "2015.03.05"]
[EventType "swiss"]
[EventRounds "9"]
[EventCountry "ESP"]
[Source "lmi"]
[SourceDate "2015.03.05"]

1. d4 d5 2. Nf3 Nf6 3. c4 c6 4. Nc3 dxc4 5. a4 Bf5 6. e3 e6 7. Bxc4 Bb4 8. O-O
Bg6 9. Qb3 a5 10. Na2 Be7 11. Qxb7 Nbd7 12. Qb3 O-O 13. Nc3 Rb8 14. Qd1 Qc7 15.
Bd3 Bh5 16. Be2 Rfd8 17. Qc2 Bg6 18. Bd3 1/2-1/2

[Event "Madrdid ch 2015 - Semifinal B"]
[Site "Madrid ESP"]
[Date "2015.03.06"]
[Round "2.9"]
[White "Vallejo Nuno, Jorge"]
[Black "Aguilera Lopez, Alejandro"]
[Result "1/2-1/2"]
[WhiteElo "2035"]
[BlackElo "1879"]
[PlyCount "32"]
[EventDate "2015.03.05"]
[EventType "swiss"]
[EventRounds "9"]
[EventCountry "ESP"]
[Source "lmi"]
[SourceDate "2015.03.05"]

1. e4 c5 2. d4 cxd4 3. c3 e6 4. Nf3 Nc6 5. cxd4 Nf6 6. Nc3 Bb4 7. Bd3 d5 8. e5
Ne4 9. O-O Nxc3 10. bxc3 Bxc3 11. Rb1 h6 12. Be3 O-O 13. Qc1 Ba5 14. Bxh6 gxh6
15. Qxh6 f5 16. Qg6+ Kh8 1/2-1/2

[Event "Madrdid ch 2015 - Semifinal B"]
[Site "Madrid ESP"]
[Date "2015.03.06"]
[Round "2.10"]
[White "Morona Minguez, Miguel"]
[Black "Moreno Torrero, Javier"]
[Result "1-0"]
[WhiteElo "1818"]
[BlackElo "1987"]
[PlyCount "81"]
[EventDate "2015.03.05"]
[EventType "swiss"]
[EventRounds "9"]
[EventCountry "ESP"]
[Source "lmi"]
[SourceDate "2015.03.05"]

1. e4 Nc6 2. Nf3 e6 3. d4 d5 4. e5 f6 5. Bb5 Bd7 6. Qe2 fxe5 7. Bxc6 Bxc6 8.
Nxe5 Qf6 9. h4 Qf5 10. g4 Qe4 11. Qxe4 dxe4 12. Nxc6 bxc6 13. Nd2 Nf6 14. g5 e3
15. fxe3 Nd5 16. Ne4 O-O-O 17. Bd2 Nb4 18. Bxb4 Bxb4+ 19. c3 Be7 20. Ke2 h6 21.
Raf1 Rd5 22. Rf7 Kd8 23. Rxg7 hxg5 24. h5 Ke8 25. h6 Kf8 26. Rf1+ Rf5 27. Nxg5
Rxh6 28. Nxe6+ Rxe6 29. Rxe7 Kxe7 30. Rxf5 Rh6 31. Kd3 Rh2 32. b4 Rxa2 33. Ra5
Rxa5 34. bxa5 Kd6 35. e4 c5 36. Kc4 cxd4 37. cxd4 a6 38. e5+ Kc6 39. d5+ Kd7
40. Kc5 Kd8 41. Kc6 1-0